000 01001nam a2200289Ia 4500
003 OSt
005 20221007121831.0
006 a|||||r|||| 00| 0
007 ta
008 221006b |||||||| |||| 00| 0 eng d
020 _a8185938962 (pbk)
_cRs.395.00
024 _a10551
037 _bBiotek,
_cTextual
040 _aBDL
_cBDL
_beng
041 _2eng
_aeng
082 _aI22, N9
100 _aKumar H D
245 0 _aIntroductory phycology by H D Kumar
250 _aEd 2
260 _aNew
_bDelhi Affiliated East-West Press Pvt. Ltd.
_c1999
300 _avii, 651p
_ccm.
500 _aIncludes bibliographical references; Glossary 603-618p; Indexes 619-651p; ^n23/CSL/CARB/2002-2003/151^d2003-06-23^mPurchase; ; 2002-03/725^b2003-02-21^c321^d2003-02-14^eRs.1,561.50^fBoitek Book Company; ; 2003-06-23^bSB^c2003-09-04^dS C Jindal
650 _a Phycology
_9710295
650 _aBotany
942 _hI22, N9
_cTEXL
_2CC
999 _c1209419
_d1209419